Tous les gagnants de la Star Academy - Statistiques

Statistiques générales
  • Ce quiz a été pris 141 fois
  • Le résultat moyen est 6 sur 11
Statistiques - réponses
Saison Chanteur % Correct
2001-2002 Jenifer
90%
2004 Gregory Lemarchal
88%
2023-2024 Pierre Garnier
86%
2002 Nolwenn Leroy
76%
2003 Elodie Frégé
64%
2005 Magalie Vaé
45%
2007-2008 Quentin Mosimann
40%
2006 Cyril Cinélu
31%
2008 Mickels Réa
20%
2012-2013 Laurène Bourvon.
18%
2022 Anisha Jo Anyjaine
7%
Aucun quiz correspondant
Distribution des résultats
% des personnes avec chaque résultat
Percentile par nombre de réponses
Votre historique - résultats
Vous n’avez pas pris ce quiz